Álbum musical (Record no. 64161)

MARC details
000 -LÍDER
campo de controle de tamanho fixo 00295 a2200145 4500
001 - NÚMERO DE CONTROLE
campo de controle 64161
040 ## - FONTE DA CATALOGAÇÃO
Instituição que transcreveu o registro Anchieta - Pituba
100 ## - ENTRADA PRINCIPAL--NOME PESSOAL
Nome pessoal Martins, Luiz Rátis
240 10 - TÍTULO UNIFORME
Título uniforme Álbum musical
Idioma da obra por
245 10 - TÍTULO
Título Álbum musical
300 ## - DESCRIÇÃO FÍSICA
Extensão 415
362 0# - DATAS DE PUBLICAÇÃO E/OU DESIGNAÇÃO SEQUENCIAL
Datas de publicação e/ou designação sequencial 2008
650 #4 - ASSUNTO--TERMO TÓPICO
Cabeçalho tópico ou nome geográfico Música
942 ## - ELEMENTOS DE ENTRADA ADICIONADOS (KOHA)
Tipo de material Koha Livros
Holdings
Situação do descarte Situação das perdas Situação física Não pode ser emprestado Biblioteca de origem Biblioteca atual Data de aquisição Total de empréstimos Número de chamada completo Código de barras Data de último acesso Data do preço efetivo Tipo de material Koha
        Colégio Anchieta - Pituba Colégio Anchieta - Pituba 21/11/2023   780 M386a MAR ALB 17792/PIT 21/11/2023 21/11/2023 Livros